00883nam a22002297a 4500999001700000003000900017008004100026040007100067082002300138100002900161245006900190260003800259300002800297505004900325650004400374650003500418650003200453650002900485942001600514945002000530952010300550 c12146d12146AR-CdUCM190408b ||||| |||| 00| 0 spa d aMUNICIPALIDAD PROVINCIAL DEL CUSCOcBIBLIOTECA MUNICIPAL DEL CUSCO a985.009 / C77bC77 aCornejo Bouroncle, Jorge aLa Confederación Perú - boliviana /bJorge Cornejo Bouroncle aCuzco :bH. G. Rozas Sucs,c1935. a120 páginas ;c21 cm. aContenido: Confederación Perú-boliviana. aConfederación Perú boliviana929846 aProceso independentista946724 aHistoria Republicana946725 aHistoria del Perú9259 2ddccLIBROS awfjd2019-04-08 002ddc4070aSCAbSCAcCARTd2019-04-08g50.00oC / 985.009 / C77pSCA0001370r2019-04-08yLIBROS